Priemysel 4.0 sa v podniku dá zaviesť aj postupne

Ako vykročiť na cestu Industry 4.0.

Salvato in:
Dettagli Bibliografici
Natura: Capitolo di libro
Lingua:slovacco
Soggetti:
Tags: Aggiungi Tag
Nessun Tag, puoi essere il primo ad aggiungerne!!

MARC

LEADER 00000naa a2200000 4500
001 0225350
005 20180320150521.8
041 0 |a slo 
044 |a SK 
245 1 0 |a Priemysel 4.0 sa v podniku dá zaviesť aj postupne 
520 |a Ako vykročiť na cestu Industry 4.0. 
610 2 0 |a podnik digitálny 
610 2 0 |a technológie informačné 
610 2 0 |a technológie komunikačné 
610 2 0 |a technológie znalostné 
610 2 0 |a procesy podnikové